| 000 | 00700cam a22002174a 4500 | ||
|---|---|---|---|
| 005 | 20250605164019.0 | ||
| 008 | 250528s ||||||||||||||||||||||||d | ||
| 035 | _a16283 | ||
| 020 | _a201847078 | ||
| 040 |
_aGR-AtMCL _bgre _dGR-AtMCL _eAACR2 |
||
| 245 | 1 | _aUsing Computer Tools for Electric Circuits / Fifth Edition | |
| 250 | _a5th | ||
| 260 |
_bAddison-Wesley Publishing Company, _c1996 |
||
| 300 | _a150 | ||
| 520 | _aCircuit Simulation, Schematic Capture and Circuit Analysis, Matrix Equation Solvers, Spreadsheets, Symbolic Equation Solvers, Problems. | ||
| 700 | 1 |
_aNilsson James W _92343 |
|
| 700 | 1 |
_aRiedel Susan A _92344 |
|
| 942 | _cBK | ||
| 999 |
_c1800 _d1800 |
||